[Event "Championnat CEH Section Relève 1 "]
[Site "Gatineau"]
[Date "2015.05.09"]
[Round "6"]
[White "Akrib, Fouad"]
[Black "Jobin, Gilles G."]
[Result "1-0"]
[BlackElo "1753"]
[EventDate "2015.05.09"]
[WhiteElo "1781"]

{Anecdote: Au 14è coup Gilles s’est exclamé “en tout cas ce n’est pas plate”  J’ai rigolé avec lui et je lui ai répondu «  toutes nos parties ensemble ne sont pas plates » et on a continué la partie. -Fouad} 1.d4 d5 2.Bg5 c5 3.Nc3 c4 4.f3 h6 5.Bh4 g5 6.Bg3 f5 7.e4 f4 8.Nxd5 fxg3
9.Bxc4 gxh2 10.Ne2 e6 11.Ne3 Nf6 12.Qd3 Nc6 13.c3 Na5 14.Bb5+ Bd7 15.O-O-O a6
16.Bxd7+ Nxd7 17.e5 Qe7 18.d5 Nxe5 19.Qe4 Nac4 20.Nxc4 Nxc4 21.Qxc4 exd5
22.Rxd5 Qe3+ 23.Kb1 Be7 24.Rxh2 b5 25.Qc6+ Kf7 26.Rf5+ Kg7 27.Qd5 Rhf8 28.Re5
Qa7 29.Nd4 Rf6 30.Rh1 Raf8 31.Ne6+ Kg6 32.Qe4+ Kf7 33.Qh7+ Ke8 34.Nxf8 Rxf8
35.Rhe1 Rf7 36.Qg8+ Rf8 37.Qg6+ 1-0

[Event "Championnat CEH Section Relève II"]
[Site "Gatineau"]
[Date "2015.03.10"]
[Round "6"]
[White "Menard, Marc"]
[Black "Morel, Joseph"]
[Result "1-0"]
[BlackElo "1716"]
[WhiteElo "1468"]

1.e4 c5 2.Nf3 Nc6 3.d4 cxd4 4.Nxd4 Nf6 5.Nc3 e6 6.Be2 Bb4 7.Nxc6 bxc6 8.Qd4
Bxc3+ 9.bxc3 Qa5 10.O-O O-O 11.Bb2 d5 12.c4 dxe4 13.f3 Rb8 14.fxe4 Rd8 15.Bc3
Qa4 16.Qxd8+ 1-0

[Event "Championnat CEH Section Relève II"]
[Site "Gatineau"]
[Date "2015.03.10"]
[Round "6"]
[White "Laurin, Marcel"]
[Black "Danilov, Alex"]
[Result "0-1"]
[BlackElo "1730"]
[WhiteElo "1583"]

1.d4 Nf6 2.c4 e6 3.a3 c5 4.d5 b5 5.dxe6 fxe6 6.cxb5 d5 7.e3 Bd6 8.Be2 O-O
9.Nf3 Nbd7 10.O-O Bb7 11.a4 Qc7 12.a5 Rad8 13.g3 Ne5 14.a6 Ba8 15.Bd2 Qd7
16.Ba5 Rde8 17.Na3 c4 18.Nd4 Ne4 19.f4 Ng6 20.b6 axb6 21.Bxb6 Rb8 22.Ba5 Rxb2
23.Bg4 Nc5 24.Bc3 Rb6 25.Nac2 Qe7 26.Bb4 Nxa6 27.Bxe6+ Kh8 28.Bc3 Nc5 29.Qg4
Bxf4 30.Rxa8 Bxe3+ 31.Nxe3 Rxa8 32.Rf7 Rb1+ 33.Kg2 Ra2+ 34.Kh3 Ne4 35.Qxe4
dxe4 36.Rxe7 Nxe7 37.Ndf5 Nxf5 38.Nxf5 Ra7 39.Bxc4 Rc7 40.Ba2 Rb5 41.Nd6 Rh5+
42.Kg4 Rxh2 43.Bxg7+ Rxg7+ 0-1

[Event "Championnat CEH Section Relève II"]
[Site "Gatineau"]
[Date "2015.03.10"]
[Round "6"]
[White "Berthiaume, Serge"]
[Black "Lecorre, Joel"]
[Result "1-0"]
[BlackElo "1568"]
[WhiteElo "1466"]

1.d4 Nf6 2.Nf3 b6 3.Nc3 Bb7 4.Bf4 e6 5.a3 Be7 6.e3 d6 7.Bd3 Nbd7 8.e4 a6
9.Qe2 c5 10.e5 dxe5 11.dxe5 Nd5 12.Nxd5 exd5 13.e6 fxe6 14.Qxe6 Rf8 15.Bxh7
Rf6 16.Qg4 Nf8 17.Ng5 Rxf4 18.Qxf4 Bxg5 19.Qf5 Qf6 20.Qh3 Bc8 21.Qd3 Be6
22.O-O c4 23.Qg3 Nxh7 24.Rae1 Bf4 25.Qg4 Be5 26.Qh5+ Kd7 27.Rxe5 Nf8 28.Rxd5+
Kc6 29.Rfd1 Kc7 30.R5d4 Ng6 31.Qe2 Rf8 32.Qe3 Rf7 33.Rd6 1-0

[Event "Championnat CEH Section Relève II"]
[Site "Gatineau"]
[Date "2015.03.10"]
[Round "6"]
[White "Lessard, Alex"]
[Black "Sabourin, Yves"]
[Result "1-0"]
[BlackElo "1427"]
[WhiteElo "1522"]

1.d4 Nf6 2.c4 c5 3.d5 g6 4.Nc3 Bg7 5.Nf3 d6 6.e4 Nbd7 7.h3 O-O 8.Bf4 Ne8
9.Be2 Nc7 10.O-O a6 11.a4 a5 12.Qd2 Re8 13.Rfe1 Na6 14.Bd3 Nb4 15.Rad1 b6
16.Bb1 Ba6 17.b3 Ra7 18.e5 dxe5 19.Nxe5 Nxe5 20.Bxe5 Bxe5 21.Rxe5 Qd6 22.Rde1
e6 23.Qh6 Rae7 24.Rh5 gxh5 25.Qxh7+ 1-0

[Event "Championnat CEH Section Relève II"]
[Site "Gatineau"]
[Date "2015.03.10"]
[Round "6"]
[White "Raymond, Daniel"]
[Black "Arsenault, Yves"]
[Result "1/2-1/2"]
[BlackElo "1582"]
[WhiteElo "1643"]

1.e4 c5 2.Nf3 Nc6 3.Nc3 e5 4.Bc4 Be7 5.O-O Nf6 6.d3 d6 7.h3 O-O 8.Nd5 Nxd5
9.Bxd5 Kh8 10.c3 f5 11.exf5 Bxf5 12.Be3 Rc8 13.Qd2 Rf6 14.Ng5 Qe8 15.f4 Bg6
16.Be6 exf4 17.Rxf4 Rxf4 18.Bxf4 Rc7 19.Re1 Bxg5 20.Bxg5 Ne5 21.Bd5 Qc8 22.d4
cxd4 23.Qxd4 Rc5 24.Bxb7 Qxb7 25.Qxd6 Rc8 26.Qxe5 Qxb2 27.Qe6 Qxc3 28.Rc1
Qd4+ 29.Kh2 Rxc1 30.Bxc1 Qd8 31.Be3 Qc7+ 32.Kg1 Bf7 33.Qa6 h6 34.Qxa7 Qxa7
35.Bxa7 Bxa2 1/2-1/2

[Event "Championnat CEH Section Relève II"]
[Site "Gatineau"]
[Date "2015.03.10"]
[Round "6"]
[White "Lemieux, Denis"]
[Black "Labelle, Raymond"]
[Result "1-0"]
[BlackElo "1363"]
[WhiteElo "1461"]

1.d4 Nf6 2.c4 e6 3.Nc3 d5 4.cxd5 Nxd5 5.e4 Nxc3 6.bxc3 Be7 7.Nf3 Nd7 8.Be2
Nf6 9.e5 Nd5 10.Bd2 O-O 11.O-O c5 12.Qc2 b6 13.Rfd1 Bb7 14.Bd3 h6 15.Be4 c4
16.Qc1 f5 17.Bc2 Nc7 18.Ne1 Bg5 19.f4 Bh4 20.Be3 Nd5 21.Qd2 Nxe3 22.Qxe3 Qd5
23.Nf3 Be7 24.Rf1 g5 25.Bd1 g4 26.Ne1 Bh4 27.Qe2 Kf7 28.Nc2 h5 29.Ne3 Qa5
30.Qb2 Rac8 31.Bc2 Qa6 32.Rfb1 Ba8 33.Qb4 Qb7 34.Qb2 Qc6 35.a4 Rb8 36.Qb5
Qxb5 37.axb5 Rb7 38.Nxc4 Be7 39.Bb3 Rd7 40.Ne3 Rc8 41.Rc1 Rdc7 42.c4 Bb4 43.Kf2 Be4 44.Rd1 Rd8 45.d5 Ke7 46.d6+ 1-0

[Event "Championnat CEH Section Relève II"]
[Site "Gatineau"]
[Date "2015.03.10"]
[Round "6"]
[White "Gaudreau, Louis"]
[Black "Seguin, Hubert"]
[Result "0-1"]
[BlackElo "1590"]
[WhiteElo "1223"]

1.d4 d5 2.c4 c6 3.Nf3 Nf6 4.e3 Bg4 5.Be2 e6 6.Nbd2 Nbd7 7.Bd3 Be7 8.Qc2 O-O
9.c5 Qc7 10.O-O e5 11.dxe5 Nxe5 12.Nxe5 Qxe5 13.f4 Qxe3+ 14.Kh1 Qxc5 15.f5
Rfe8 16.Nf3 Qxc2 17.Bxc2 Bc5 18.Bf4 Bxf3 19.Rxf3 Re2 20.Rc1 Rae8 21.Rff1 Be3
0-1

[Event "Championnat CEH Section Relève II"]
[Site "Gatineau"]
[Date "2015.03.10"]
[Round "6"]
[White "Pilon, Robert"]
[Black "Raymond, Robert"]
[Result "1-0"]
[BlackElo "1341"]
[WhiteElo "1513"]

1.e4 e5 2.Nf3 Nc6 3.Bc4 h6 4.Nc3 Nf6 5.d4 Bb4 6.Bd2 Nxd4 7.Nxd4 exd4 8.Ne2
Bxd2+ 9.Qxd2 O-O 10.Qxd4 d6 11.O-O-O Be6 12.Bxe6 fxe6 13.e5 dxe5 14.Qxe5 Qe7
15.f3 Rad8 16.Nf4 Qf7 17.Rxd8 Rxd8 18.Qxe6 Re8 19.Qxf7+ Kxf7 20.h4 c5 21.Rf1
b5 22.g4 g5 23.hxg5 hxg5 24.Nd3 c4 25.Nf2 a5 26.c3 b4 27.cxb4 axb4 28.Kd2
Rd8+ 29.Kc2 Nd5 30.Re1 Nf4 31.Re4 Nd3 32.Nxd3 cxd3+ 33.Kd2 Ra8 34.Rxb4 Rxa2
35.Kxd3 Ra1 36.Rb5 Rd1+ 37.Ke2 Rd6 38.Rxg5 1-0

[Event "Championnat CEH Section Relève II"]
[Site "Gatineau"]
[Date "2015.03.10"]
[Round "6"]
[White "Simard, Paul"]
[Black "Arcand, Pierre"]
[Result "1-0"]
[BlackElo "1142"]
[WhiteElo "1111"]

{ A02: Ouverture Bird } 1.f4 e6 2.Nf3 Nf6 3.e3
{ dernier coup de la
bibliothèque } 3...Bc5 4.b3 O-O 5.Bb2 b6 6.Bd3 Ba6 7.Bxa6 Nxa6 8.O-O Ne4
9.Nc3 ( 9.d4 Bd6 $16 ) 9...Nxc3 10.Bxc3 Nb4 11.a3
{ Les Blancs menacent un gain
matériel: a3xb4 } 11...Nd5 { Les Noirs menacent un gain matériel: Cd5xf4 }
12.Bb2 Nf6 13.Ne5 d5 14.b4 Be7 15.Nc6
{ Les Blancs menacent un gain matériel: Cc6xd8 } 15...Qd7 16.Nxe7+ Qxe7
17.Rf3 c5 { Les Noirs menacent un gain matériel: c5xb4 } 18.Rg3 cxb4 $4 ( 
18...Rfd8 19.Rb1 $11 ) 19.axb4 $4 { éloigne une victoire
certaine. } ( 19.Rxg7+ $142 { peut être le plus court chemin. } 19...Kh8
20.Qe1 $18 ) 19...Rac8 $4 ( 19...Rfc8 20.Rh3 $11 ) 20.d3 ( 20.Rxa7 $142 $1
{ et le reste
est une affaire de technique. } 20...Qd8 21.Rd7 $18 ) 20...g6 $11 21.b5 Rc5
$2 ( 21...Rfd8 $142 $11 { est beaucoup mieux. } ) 22.Ba3 $18 Rfc8 $4
{ confirme
simplement la situation. } ( 22...Qc7 23.Bxc5 Qxc5 24.Rxa7 Rc8 $18 ) 23.d4
Ne4 24.dxc5 ( 24.Bxc5 $6 bxc5 25.Rf3 Qb7 $14 ) 24...Nxg3 ( 24...bxc5
{ ne sauve
rien. } 25.Rf3 $18 ) 25.cxb6 ( 25.c6 $142
{ et les Blancs peuvent célébrer la
victoire. } 25...Qf6 26.hxg3 Qc3 $18 ) 25...Qb7 26.hxg3 ( 26.bxa7 $5
{ peut être le
plus court chemin. } 26...Qxa7 27.hxg3 Qxe3+ 28.Kh2 Qc3 $18 ) 26...Qxb6
27.Qe2 ( 27.Qd4 { semble même mieux. } 27...Qxd4 28.exd4 Rb8 $18 ) 27...Rb8
( 27...Rc4 $18 { coup désespéré? } ) 28.Be7 Qxb5 ( 28...d4
{ n'améliore vraiment rien. } 29.Ra6 Qxb5 30.Qxb5 Rxb5 31.exd4 Rb1+ 32.Kh2
$18 ) 29.Qxb5 Rxb5 30.Rxa7 Kg7 ( 30...Rb1+ { ne peut pas changer le destin. }
31.Kf2 $18 ) 31.g4 h6 ( 31...Rb8
{ ne
fait pas descendre le chat de l'arbre. } 32.g5 $18 ) 32.g5 Rb8 ( 32...hxg5
{ la
seule chance pour avoir du contre-jeu. } 33.fxg5 Rb8 $18 ) 33.Bf6+ Kg8
34.gxh6 Re8 35.g4 Rc8 ( 35...Rf8 { n'améliore rien. } 36.g5 Kh7 37.Kf2 Rh8
38.Rxf7+ Kg8 39.Rg7+ Kf8 40.Rc7 Kg8 41.Rc8+ Kf7 42.Bxh8 e5 43.Bxe5 Ke6 44.h7
Kf7 45.h8=Q Ke6 46.Qf6+ Kd7 47.Rd8# ) 36.c3 ( 36.g5 e5 37.f5 Rb8 38.fxg6 Kf8
39.h7 Rb1+ 40.Kh2 Rh1+ 41.Kxh1 fxg6 42.h8=Q# ) 36...Re8 ( 36...Rb8
{ ne
change pas la suite de la partie. } 37.Kf2 d4 38.h7+ Kxh7 39.Ra1 Rb2+ 40.Kg3
g5 41.Rh1+ Kg6 42.fxg5 Rg2+ 43.Kxg2 dxc3 44.Rh6# ) 37.Kg2 ( 37.h7+ Kxh7
38.Ra2 g5 39.Rh2+ Kg6 40.fxg5 Rh8 41.Rxh8 e5 42.Rh6# ) 37...Rc8 ( 37...Rb8
{ ne rattrape rien. } 38.Kf2 d4 39.h7+ Kxh7 40.Ra1 Rb2+ 41.Kg3 g5 42.Rh1+ Kg6
43.fxg5 Rg2+ 44.Kxg2 dxc3 45.Rh6# ) 38.Kg3 ( 38.h7+ Kxh7 39.Ra1 g5 40.fxg5
Kg6 41.Rh1 Rh8 42.Rxh8 e5 43.Rh6# ) 38...Re8 ( 38...e5
{ ne change vraiment
rien. } 39.h7+ $1 { Attaque de mat } 39...Kxh7 40.Ra1 exf4+ 41.Kxf4 Rc4+
42.Kg5 Rxg4+ 43.Kxg4 g5 44.Kxg5 Kg8 45.Rh1 d4 46.Rh8# ) 39.Kh4 ( 39.h7+ Kxh7
40.Ra2 g5 41.fxg5 Kg6 42.Rh2 Rh8 43.Rxh8 e5 44.Rh6# ) 39...Rc8 ( 39...d4
{ n'aide pas beaucoup. } 40.Kg5 Rb8 41.h7+ Kxh7 42.Ra1 Rb5+ 43.f5 Kg8 44.Ra8+
Rb8 45.Rxb8+ Kh7 46.Rh8# ) 40.Kg5 Re8 ( 40...d4
{ ne peut effacer ce qui a
déjà été fait. } 41.h7+ $1 { Attaque de mat } 41...Kxh7 42.Ra1 Rc5+ 43.f5 Kg8
44.Ra8+ Rc8 45.Rxc8+ Kh7 46.Rh8# ) 41.h7+ $1 { Attaque de mat } 41...Kxh7 ( 
41...Kxh7 42.Ra1 { Attaque de mat } ) 42.Rxf7+ ( 42.Ra2 Rb8 43.Rh2+ Kg8
44.Rh8# ) 42...Kg8 43.Kxg6 d4 ( 43...Rf8 { ne sauve rien. } 44.Rg7+ Kh8
45.Rh7+ Kg8 46.Rh8# ) 44.Bxd4 ( 44.Rh7 dxc3 45.Rh8# ) 44...e5 45.Bc5 ( 
45.Bxe5 Re6+ 46.Bf6 Rd6 47.Rc7 Rxf6+ 48.Kxf6 Kh8 49.Kg6 Kg8 50.Rc8# )
45...Re6+ ( 45...Rc8 { ne
peut pas changer le cours des choses pour ?. } 46.Rg7+ Kh8 47.Be7 Rc7 48.f5
Rc4 49.Kf7 Rc6 50.Rg8+ Kh7 51.g5 Ra6 52.g6+ Rxg6 53.fxg6+ Kh6 54.Rh8# )
46.Rf6 Rxf6+ ( 46...Re8 { ne résout rien. } 47.fxe5 Rc8 48.e6 Rxc5 49.e7 Rc8
50.Rd6 Rf8 51.Rd8 Rxd8 52.exd8=Q# ) 47.Kxf6 exf4 48.exf4 Kh7 49.g5 ( 49.Kf7
Kh6 50.Bf8+ Kh7 51.g5 Kh8 52.Bg7+ Kh7 53.g6# ) 49...Kg8 50.g6 Kh8 51.g7+ Kg8
52.c4 Kh7 53.Kf7 Kh6 54.g8=Q Kh5 55.f5 ( 55.Qg5# ) 55...Kh4 56.f6 ( 56.Bf2+
Kh5 57.Qg6# ) 56...Kh3 57.Ke7 ( 57.Qg7 Kh4 58.Bf2+ Kh5 59.Qg6# ) 57...Kh2 ( 
57...Kh4 { n'est pas le coup salvateur. } 58.f7 Kh5 59.f8=Q Kh4 60.Qh6# )
58.f7 ( 58.Qg4 Kh1 59.Qh3# ) 58...Kh1 ( 58...Kh3 { ne gagne pas un prix. }
59.f8=Q Kh4 60.Qh6# ) 59.f8=Q ( 59.Qg1# ) 59...Kh2 60.Qh6# 1-0

[Event "Championnat CEH Section Relève II"]
[Site "Gatineau"]
[Date "2015.03.10"]
[Round "6"]
[White "Traversy, Pierre"]
[Black "Legare, Gilles"]
[Result "1-0"]
[BlackElo "1094"]
[WhiteElo "1223"]

1.d4 e6 2.e4 c5 3.d5 e5 4.Nf3 d6 5.Nc3 a6 6.a4 Be7 7.Be3 Nd7 8.a5 Ngf6 9.h3
O-O 10.Nd2 b6 11.axb6 Nxb6 12.Nb3 Bd7 13.Rxa6 Rxa6 14.Bxa6 Na4 15.Nxa4 Bxa4
16.Nd2 Bd7 17.Be2 Qb6 18.b3 Qa5 19.Bf3 Bb5 20.c4 Bd7 21.O-O Qd8 22.Qb1 Qc7
23.Qb2 Kh8 24.Ra1 Ng8 25.b4 Qb7 26.b5 Ra8 27.Rxa8 Qxa8 28.Nb3 f5 29.exf5 Bxf5
30.g4 Bg6 31.Nd2 Qd8 32.b6 Bg5 33.b7 Qb8 34.Qb6 Bd8 35.Qa6 Bc7 36.Qa8 Nf6
37.g5 Ng8 38.Be4 Ne7 39.f4 Bxe4 40.Nxe4 exf4 41.Bxf4 Nf5 42.Nxc5 Bb6 43.Qxb8+
1-0